Statistics for Camila Cabello songname Quiz

Click here to take the quiz!

General Stats

  • This quiz has been taken 117 times
  • The average score is 8 of 13

Answer Stats

Answer% Correct
1Havana
99%
6Never be the Same
80%
4Consequences
72%
10Into it
63%
7OMG
60%
8Real Friends
60%
13In the dark
58%
3She loves Control
56%
9Something's gotta Give
54%
11Inside out
52%
5I have Questions
48%
2Bad Things
34%
12Sangria Wine
20%

Score Distribution

Percentile by Number Answered

Percent of People with Each Score

Your Score History

You have not taken this quiz